Peripetie eurokonformného výkladu ustanovení o osobnej pôsobnosti zákona o ochrane hospodárskej súťaže na činnosť verejného zdravotného poistenia

Od r. 2002 Protimonopolný úrad SR posudzoval praktiky obmedzujúce súťaž, ktorých účastníkmi boli zdravotné poisťovne vykonávajúce verejné zdravotné poistenie na území SR. Jednou z otázok, na ktoré bolo potrebné odpovedať bolo, či tieto zdravotné poisťovne spadajú do pôsobnosti zákona č. 136/2001 Z....

Description complète

Enregistré dans:
Détails bibliographiques
Auteur principal: Lapšanský, Lukáš
Format: Chapitre de livre
Langue:slovaque
Sujets:
Tags: Ajouter un tag
Pas de tags, Soyez le premier à ajouter un tag!

MARC

LEADER 00000naa a2200000 4500
001 0249921
005 20190108132515.4
041 0 |a slo 
044 |a SK 
245 1 0 |a Peripetie eurokonformného výkladu ustanovení o osobnej pôsobnosti zákona o ochrane hospodárskej súťaže na činnosť verejného zdravotného poistenia  |c Lukáš Lapšanský 
520 |a Od r. 2002 Protimonopolný úrad SR posudzoval praktiky obmedzujúce súťaž, ktorých účastníkmi boli zdravotné poisťovne vykonávajúce verejné zdravotné poistenie na území SR. Jednou z otázok, na ktoré bolo potrebné odpovedať bolo, či tieto zdravotné poisťovne spadajú do pôsobnosti zákona č. 136/2001 Z. z. č. 347/1990 Zb. o organizácii ministerstiev a ostaných ústredných orgánov štátnej správy SR v znení neskorších predpisov. 
610 2 0 |a poistenie 
610 2 0 |a poistenie zdravotné 
610 2 0 |a poisťovne 
610 2 0 |a poisťovne zdravotné 
610 2 0 |a zákony 
610 2 0 |a legislatíva 
100 1 |a Lapšanský, Lukáš